1800 1879 1425 1997 1466 1803 1043 1135 1130 1954 1770 1940 1031 1778 1711 1660 1906 1390 1808 1031 1619 1079 1188 1778 1994 1822 1378 1468 1225 1262 1123 1447 1461 1359 1224 1544 1225 1506 1838 1733 1013 1595 1315 1803 1309 1477 1987 1461 1762 1717 1211 1829 1883 1851 1618 1552 1138 1023 1209 1994 1891 1951 1394 1324 1231 1141 1300 1880 1305 1904 1313 1554 1601 1905 1403 1329 1369 1170 1692 1919 1535 1366 1030 1018 1976 1258 1376 1741 1390 1789 1544 1086 1398 1676 1752 1014 1656 1122 1627 BCNSPRNW ULIB Ver.6.0+V

เปลี่ยนเป็นภาษาไทย

Change to English
 แสดงรายละเอียดบรรณานุกรม
  กลับหน้าหลัก

Brief Record : Get Marc (ISO 2709) : E-mail record : QR code < ปิดหน้าต่าง
LEADER : 00000nam 2200000uu 4500
001    13399112553
003     ULIB
008    110824s2554||||th 000 0 tha d
020    9789740328001
060  4 WL101^bว397ป
100 0  วิไล ชินธเนศ
245 10 ประสาทส่วนปลาย จากกายวิภาคศาสตร์สู่การวินิจฉัย /^cวิไล ชินธเนศ
250    พิมพ์ครั้งที่ 1
260    กรุงเทพฯ :^bโรงพิมพ์แห่งจุฬาลงกรณ์มหาวิทยาลัย,^c2554
300    281 หน้า :^bภาพประกอบ ;^c27 ซม.
650  7 กายวิภาคศาสตร์
650  7 เส้นประสาทส่วนปลาย
945    ^p350^l0^i18527
945    ^p350^l0^i18528
995    กัณชพร
999     ^aใช้งานได้ทุกระบบ
รายการนี้ยังไม่มีแท็ก
คุณยังไม่ได้ล็อกอิน คุณสามารถมีกิจกรรมร่วมกับเว็บไซต์ได้ แต่ต้องล็อกอินก่อน ::
  ล็อกอิน

รายการสื่อสารสนเทศ

ลำดับที่ ประเภท เลขเรียก/บาร์โค้ด สถานที่ สถานะ
1. วิทยาศาสตร์การแพทย์ และสุขภาพ
วิทยาศาสตร์การแพทย์ และสุขภาพ
สถานะ=หาย
WL101 ว397ป  
  Barcode: 18527
ห้องสมุดวิทยาเขตนครสวรรค์
►ส่วนจัดเก็บหนังสือเก่า นว.
บนชั้น
  ขอยืม
2. วิทยาศาสตร์การแพทย์ และสุขภาพ
วิทยาศาสตร์การแพทย์ และสุขภาพ
สถานะ=หนังสือเก่า
WL101 ว397ป ฉ.2 
  Barcode: 18528
ห้องสมุดวิทยาเขตนครสวรรค์
►ส่วนจัดเก็บหนังสือเก่า นว.
บนชั้น
  ขอยืม

รายการใกล้เคียง
    หัวเรื่อง [กายวิภาคศาสตร์]
    หัวเรื่อง [เส้นประสาทส่วนปลาย]

BibComment


ยังไม่เคยถูกคอมเมนท์

คอมเมนท์ทรัพยากรรายการนี้
  คอมเมนท์: ประสาทส่วนปลาย จา..


 Copyright 2026. Bcnsprnw @Library